Statistiken für funny-frisch Chipsfrisch Sorten

Klicken Sie hier um das Quiz zu spielen!

Allgemein

  • Dieses Quiz wurde 199 mal gespielt
  • Das Durchschnittsergebnis liegt bei 5 aus 10

Antwortstatistiken

Antwort% Korrekt
ungarisch
89%
Currywurst style
61%
Chakalaka
60%
Oriental
59%
Sour Cream
56%
Peperoni
45%
Gesalzen
44%
Salt & Vinegar style
29%
Zaziki
26%
Hot chili mayo style
3%

Verteilung der Resultate

Perzentil nach korrekt beantworteten Fragen

Anzahl Personen mit jedem Resultat

Ihre Resultats-Entwicklung

Sie haben dieses Quiz noch nicht gespielt